LEADER 01500nam0 22003493i 450 001 VEA0061074 005 20251003044438.0 100 $a19940809d1960 ||||0itac50 ba 101 | $aita 102 $ait 181 1$6z01$ai $bxxxe 182 1$6z01$an 200 1 $aProblemi economici d'oggi$fLibero Lenti 205 $a3. ed 210 $aMilano$cGarzanti$d1960 215 $a184 p.$ctab.$d18 cm. 225 | $aSaper tutto$v69-70 410 0$1001MIL0043682$12001 $aSaper tutto$v69-70 676 $a330.945$9SITUAZIONI E CONDIZIONI ECONOMICHE. ITALIA$v23 676 $a330.94509$9SITUAZIONI E CONDIZIONI ECONOMICHE. Italia. 1900-$v22 686 $aIT/3430.0$cECONOMIA E SOCIETA ITALIA 1945-1968$2R 686 $aIT/3430.6$cDISTRIBUZIONE DEL REDDITO ITALIA 1945-1968$2R 686 $aIT/3430.7$cFONTI STATISTICHE ITALIA 1945-1968$2R 700 1$aLenti$b, Libero$3CFIV032165$4070$033132 801 3$aIT$bIT-000000$c19940809 850 $aIT-BN0095 901 $bNAP 01$cPOZZO LIB.$nVi sono collocati fondi di economia, periodici di ingegneria e scienze, periodici di economia e statistica e altri fondi comprendenti documenti di economia pervenuti in dono. 912 $aVEA0061074 950 0$aBiblioteca Centralizzata di Ateneo$c1 v.$d 01POZZO LIB.F. PARRAVICINI 261$e 0101 0600161425E VMA 1 v. (Precedente collocazione P 287)$fB $h20220912$i20220912 977 $a 01 996 $aProblemi economici d'oggi$947263 997 $aUNISANNIO